000
00340nam a22001577a 4500
003
SGT
020
_a
9789356963313
082
_a
618.2
_b
D25K
100
_a
KONAR, HIRALAL
245
_a
DC DUTTA'S TB. OF OBSTETRICS
250
_a
10TH
260
_a
INDIA
_b
JAYPEE PUB
_c
2025
300
_a
666
650
_a
OBST & GYNE
942
_2
ddc
_c
BK
999
_c
30749
_d
30749